Witness to Surrender/ (Record no. 216823)

MARC details
000 -LEADER
fixed length control field 00549nam a22001937a 4500
005 - DATE AND TIME OF LATEST TRANSACTION
control field 20260702103136.0
010 ## - LCCN (DPL NO)
LC control number ENG-148959
020 ## - INTERNATIONAL STANDARD BOOK NUMBER
International Standard Book Number 9789392210716
Terms of availability 595.00
035 ## - SYSTEM CONTROL NUMBER
System control number EN-132491
037 ## - SOURCE OF ACQUISITION
Source of stock number/acquisition DBAD
082 ## - DEWEY DECIMAL CLASSIFICATION NUMBER
Classification number 954.92
Edition number 1
100 ## - MAIN ENTRY--PERSONAL NAME
Personal name Salik, Siddiq
245 ## - TITLE STATEMENT
Title Witness to Surrender/
Statement of responsibility, etc Siddiq Salik
250 ## - EDITION STATEMENT
Edition statement 1
260 ## - PUBLICATION, DISTRIBUTION, ETC. (IMPRINT)
Place of publication, distribution, etc Chandigarh
Name of publisher, distributor, etc The Browser
Date of publication, distribution, etc 2024
270 ## - ADDRESS
City Chandigarh
Address SCO 14-15, Sector 8-C
Postal code 160009
Electronic mail address service@thebrowser.org
300 ## - PHYSICAL DESCRIPTION
Extent 307p.
Dimensions 22cm(pb)
942 ## - ADDED ENTRY ELEMENTS (KOHA)
Source of classification or shelving scheme Dewey Decimal Classification
Item type English Books
Classification part 954.92
Call number suffix SAL
Holdings
Withdrawn status Lost status Not for loan Collection code Home library Current library Date acquired Source of acquisition Cost, normal purchase price Full call number Barcode Copy number Cost, replacement price Koha item type
    Not For Loan Non-fiction D.B.Act.Division D.B.Act.Division 02/07/2026 Delivery of Books Act Division 595.00 954.92 SAL EN-132491 1 595.00 English Books

© Delhi Public Library
Hit Counter
free hit counter